000 00706cam a22002171 4500
001 BD-DhSAU 5892
003 BD-DhSAU
005 20150429130425.0
008 750729s1950 maua b 000 0 eng
040 _aBD-DhSAU
082 _a589.2
_222
_bKEM
100 1 _aKelley, Arthur Pierson,
245 1 0 _aMycotrophy in plants :
_blectures on the biology of mycorrhizae and related structures /
_c Arthur Pierson Kelley,
260 _aWaltham, Mass. :
_bChronica Botanica Co. ,
_c1950.
300 _axiv, 223 p.:
_bill. ;
_c24 cm.
440 2 _aA New series of plant science books ;
_vv. 22
504 _aBibliography: p. 183-206.
590 _aIMRAN
650 0 _aMycorrhizas.
650 0 _aSoil microbiology.
942 _2ddc
_cBOOK
999 _c5892
_d5892